[Event "correspondence"]
[Site "?"]
[Date "????.??.??"]
[Round "?"]
[White "Dedina Miroslav"]
[Black "Struzka Vlastimil"]
[Result "1-0"]
[WhiteElo "2296"]
[BlackElo "2077"]
[Annotator "chess-teacher.com"]
[PlyCount "113"]
[SourceVersionDate "2025.03.07"]
{[%evp 0,113,19,38,25,16,14,12,8,-37,-6,-17,48,82,94,97,42,91,91,5,-40,-40,-68,
-71,-16,-56,21,3,44,44,75,20,-34,-46,0,-31,0,0,0,37,74,-47,0,0,47,24,76,31,0,
60,63,77,61,57,64,13,79,99,84,80,91,91,110,186,90,59,79,61,121,94,93,100,125,
109,100,84,86,83,86,108,173,79,144,122,189,118,113,122,116,142,133,127,169,149,
183,27,17,97,116,213,240,227,186,113,340,329,320,382,372,372,372,415,415,259,
278,359]} 1. e4 e5 2. Nf3 Nc6 3. Bc4 Nf6 4. Ng5 d5 5. exd5 Nxd5 $2 6. Nxf7 Kxf7
7. Qf3+ Ke6 (7... Ke8 8. Bxd5 Nd4 9. Qf7#) 8. Nc3 Ncb4 9. O-O c6 (9... Nxc2 $2
10. Bxd5+) 10. d4 $1 Qf6 (10... exd4 11. Re1+) (10... Nxc2 11. dxe5 Nxa1 12.
Rd1 $18) 11. Qe2 Ke7 $3 12. dxe5 Qg6 13. Ne4 Bf5 14. f3 Nb6 (14... Bxe4 $2 15.
fxe4 Nc7 16. Rf7+) 15. Bb3 Kd7 $3 16. Rd1+ Kc7 17. e6 $1 Kc8 (17... Bxe6 $2 18.
Bf4+ Kc8 19. Nd6+) 18. Nd6+ Bxd6 19. Rxd6 Re8 20. Qd2 N4d5 21. c4 Nf6 22. e7
Nbd7 (22... Rxe7 $2 23. Rd8+ Kc7 24. Qd6#) 23. Qa5 Rxe7 24. Bf4 b6 (24... Re2
$2 25. Rxc6+ $1 bxc6 26. Qc7#) 25. Qa6+ Kd8 26. c5 $1 Ke8 $1 {The king
returned home.} 27. Rxc6 Rd8 28. cxb6 Nxb6 29. Bd6 Bh3 30. Qf1 Re3 31. Bg3 Bd7
32. Rc3 Re7 (32... Rxc3 $2 33. Re1+ Kf8 34. Bd6#) 33. Bd6 Re6 34. Bxe6 Bxe6 35.
Bg3 Qg5 36. Re1 Kf7 37. Rce3 Bd7 38. Qa6 Nfd5 39. Re5 Qd2 40. b3 Ra8 41. a4 Bc6
42. a5 Nb4 $1 43. Qf1 N6d5 44. Qc4 Kg8 45. Re7 Rf8 46. h3 Rf7 47. Re8+ Bxe8 48.
Rxe8+ Rf8 49. Be1 Qd1 50. Qe4 g6 51. Kh2 Nc6 52. Qe6+ Kg7 53. Qxc6 Rxe8 54.
Qxe8 Qd4 55. Bg3 Nf4 56. b4 $1 g5 (56... Qxb4 57. Qe5+ Kg8 58. Bxf4 $18) 57. b5
1-0